00251nam a2200097Ia 4500008004100000082001500041100001900056245004600075260002000121600001200141241002s9999 xx 000 0 und d a933.01 SAL aSalo, Baron W. 0aGreat Ages and Ideas of the Jewish People aNew York:c1956 aHistory